Through time into healing : how past life regression therapy can heal mind, body and soul
| Main Author: | |
|---|---|
| Format: | Book |
| Published: |
London :
Great Britain ,
1998
|
| Subjects: |
MARC
| LEADER | 00000cam a2200000 7i4500 | ||
|---|---|---|---|
| 001 | 0000018103 | ||
| 005 | 20080603.0 | ||
| 008 | 080603 | ||
| 020 | |a 0749918357 | ||
| 090 | 0 | 0 | |a 616.8914 |b WEI |
| 100 | 1 | |a Weiss , Brian.Dr | |
| 245 | 1 | 0 | |a Through time into healing : |b how past life regression therapy can heal mind, body and soul |c Dr. Brian Weiss |
| 260 | |a London : |b Great Britain , |c 1998 | ||
| 650 | 0 | |a Psychotherapy | |
| 650 | 0 | |a Reincarnation therapy | |
| 999 | |a 0001014995 |b Book |c Adult Collection |e Perbadanan Perpustakaan Awam Johor | ||